[Event "HUN-ch U18"]
[Site "Balatonlelle"]
[Date "2015.06.20"]
[Round "3"]
[White "Egri, Laszlo Jr"]
[Black "Majnay, Peter"]
[Result "1/2-1/2"]
[WhiteElo "2161"]
[BlackElo "1757"]
[PlyCount "75"]
[EventDate "2015.06.18"]
[EventType "swiss"]
[EventRounds "7"]
[EventCountry "HUN"]
[SourceTitle "CBM 167 Extra"]
[Source "ChessBase"]
[SourceDate "2015.09.14"]
[SourceVersion "1"]
[SourceVersionDate "2015.09.14"]
[SourceQuality "1"]

1. b3 e5 2. Bb2 Nc6 3. e3 d5 4. Bb5 Bd6 5. c4 dxc4 6. bxc4 Nf6 7. Nf3 Bg4 8. Qa4 0-0 9. Bxc6 bxc6 10. Nxe5 Bxe5 11. Bxe5 Qd3 12. f3 Rab8 13. Bxf6 gxf6 14. fxg4 Rxb1+ 15. Rxb1 Qxb1+ 16. Qd1 Qxa2 17. 0-0 Qxc4 18. Qf3 Qd5 19. d4 Qxf3 20. gxf3 a5 21. Rc1 Ra8 22. Rxc6 Ra7 23. Rc3 Kf8 24. Kf2 Ke7 25. Ke2 Kd6 26. Kd3 a4 27. Ra3 c5 28. Kc4 cxd4 29. Kxd4 Ra5 30. Kc4 f5 31. Kb4 Re5 32. g5 f4 33. exf4 Rf5 34. Kxa4 Rxf4+ 35. Kb5 Rf5+ 36. Kc4 Rxg5 37. Kd4 Rh5 38. Ke4 1/2-1/2

[Event "HUN-ch U18"]
[Site "Balatonlelle"]
[Date "2015.06.19"]
[Round "2"]
[White "Majnay, Peter"]
[Black "Farkas, Richard"]
[Result "0-1"]
[WhiteElo "1757"]
[BlackElo "2277"]
[PlyCount "110"]
[EventDate "2015.06.18"]
[EventType "swiss"]
[EventRounds "7"]
[EventCountry "HUN"]
[SourceTitle "CBM 167 Extra"]
[Source "ChessBase"]
[SourceDate "2015.09.14"]
[SourceVersion "1"]
[SourceVersionDate "2015.09.14"]
[SourceQuality "1"]

1. e4 e6 2. d4 d5 3. Nc3 dxe4 4. Nxe4 Nd7 5. Nf3 Ngf6 6. Bg5 h6 7. Bxf6 Nxf6 8. Nxf6+ Qxf6 9. Bd3 Bd6 10. Qe2 0-0 11. 0-0 c5 12. dxc5 Bxc5 13. Qe4 g6 14. Qe5 Qxe5 15. Nxe5 Bd4 16. Nc4 b6 17. c3 Bg7 18. Nd6 Rd8 19. Be4 Ba6 20. Bxa8 Bxf1 21. Kxf1 Rxa8 22. Ke2 Kf8 23. Rd1 Ke7 24. h3 Be5 25. Nc4 Bc7 26. Ne3 Rc8 27. Nc2 Bd6 28. Ne3 b5 29. Rc1 Be5 30. Rc2 f5 31. c4 bxc4 32. Rxc4 Rd8 33. b3 Rd7 34. Rc2 Bd4 35. Rd2 e5 36. Nc2 Bc5 37. Rxd7+ Kxd7 38. f3 Ke6 39. Kd3 h5 40. Ne3 Kf6 41. h4 Ke6 42. Nd1 Bg1 43. Kc4 Bh2 44. Kb5 Kd5 45. Ka6 Bg1 46. Nc3+ Kc6 47. b4 Bd4 48. b5+ Kc5 49. Ne2 Bf2 50. a4 Kc4 51. a5 Kd3 52. Nc1+ Kc2 53. Na2 e4 54. fxe4 fxe4 55. Nb4+ Kd2 0-1

[Event "HUN-ch U16"]
[Site "Balatonlelle"]
[Date "2014.06.25"]
[Round "6"]
[White "Majnay, Peter"]
[Black "Kassay, Krisztian"]
[Result "0-1"]
[WhiteElo "1584"]
[BlackElo "1967"]
[PlyCount "48"]
[EventDate "2014.06.20"]
[EventType "swiss"]
[EventRounds "9"]
[EventCountry "HUN"]
[SourceTitle "EXT 2024"]
[Source "ChessBase"]
[SourceDate "2023.10.10"]
[SourceVersion "1"]
[SourceVersionDate "2023.10.10"]
[SourceQuality "1"]

1. e4 c5 2. Nf3 d6 3. d4 cxd4 4. Nxd4 Nf6 5. Nc3 a6 6. Bc4 e6 7. Bb3 b5 8. 0-0 Bb7 9. Re1 Nbd7 10. a3 Nc5 11. Ba2 Be7 12. Qf3 0-0 13. b4 Ncd7 14. Bg5 Rc8 15. Qh3 Ne5 16. Rad1 Qc7 17. Re3 Nfg4 18. Nxe6 fxe6 19. Bxe6+ Kh8 20. Bxe7 Nxe3 21. Bxd6 Qxc3 22. Bxe5 Qxe5 23. Bxc8 Nxd1 24. Bxb7 Nxf2 0-1

[Event "HUN-chT2 Asztalos 1314"]
[Site "Hungary"]
[Date "2014.02.16"]
[Round "5"]
[White "Majnay, Peter"]
[Black "Horvath, Ferenc"]
[Result "1-0"]
[WhiteElo "1536"]
[BlackElo "1572"]
[PlyCount "63"]
[EventDate "2013.09.08"]
[EventType "team-tourn"]
[EventRounds "9"]
[EventCountry "HUN"]
[SourceTitle "EXT 2016"]
[Source "ChessBase"]
[SourceDate "2015.10.08"]
[SourceVersion "1"]
[SourceVersionDate "2015.10.08"]
[SourceQuality "1"]
[WhiteTeam "Decs 1990 II"]
[BlackTeam "Kaposvar Bastya"]
[WhiteTeamCountry "HUN"]
[BlackTeamCountry "HUN"]

1. e4 e5 2. Nf3 Nc6 3. Bb5 d6 4. d4 exd4 5. Nxd4 Bd7 6. 0-0 Nxd4 7. Bxd7+ Qxd7 8. Qxd4 Ne7 9. Bg5 Nc6 10. Qe3 Be7 11. Bxe7 Qxe7 12. Nc3 0-0 13. Nd5 Qd8 14. Rad1 Ne7 15. Qb3 c6 16. Nxe7+ Qxe7 17. Rfe1 b5 18. Qb4 Rad8 19. e5 a5 20. exd6 Qa7 21. Qd4 c5 22. Qd5 h6 23. Re7 Qb6 24. d7 Qf6 25. Qe5 Qc6 26. Qd6 Qa8 27. Qxc5 b4 28. Qd5 Qa7 29. Rde1 Kh8 30. Re8 Qb8 31. Qxf7 Qd6 32. Qxf8+ 1-0

[Event "HUN-chT2 Asztalos 1314"]
[Site "Hungary"]
[Date "2013.09.22"]
[Round "2.10"]
[White "Palotas, Karoly"]
[Black "Majnay, Peter"]
[Result "1/2-1/2"]
[WhiteElo "1847"]
[BlackElo "1536"]
[PlyCount "26"]
[EventDate "2013.09.08"]
[EventType "team-tourn"]
[EventRounds "9"]
[EventCountry "HUN"]
[SourceTitle "EXT 2016"]
[Source "ChessBase"]
[SourceDate "2015.10.08"]
[SourceVersion "1"]
[SourceVersionDate "2015.10.08"]
[SourceQuality "1"]
[WhiteTeam "Marcali"]
[BlackTeam "Decs 1990 II"]
[WhiteTeamCountry "HUN"]
[BlackTeamCountry "HUN"]

1. Nf3 Nf6 2. g3 g6 3. Bg2 Bg7 4. 0-0 0-0 5. d4 d5 6. Nbd2 c6 7. Re1 Bf5 8. c3 Qc8 9. Ne5 Nbd7 10. Ndf3 Nxe5 11. Nxe5 Nd7 12. Nxd7 Qxd7 13. Bf4 Rfe8 1/2-1/2

[Event "HUN-chT2 Asztalos 1213"]
[Site "Hungary"]
[Date "2013.02.17"]
[Round "7.12"]
[White "Majnay, Peter"]
[Black "Nagy, Balazs"]
[Result "1/2-1/2"]
[WhiteElo "1532"]
[BlackElo "1691"]
[PlyCount "26"]
[EventDate "2012.09.16"]
[EventType "team-tourn"]
[EventRounds "9"]
[EventCountry "HUN"]
[SourceTitle "EXT 2014"]
[Source "ChessBase"]
[SourceDate "2013.11.20"]
[SourceVersion "1"]
[SourceVersionDate "2013.11.20"]
[SourceQuality "1"]
[WhiteTeam "Decs II"]
[BlackTeam "Marcali"]
[WhiteTeamCountry "HUN"]
[BlackTeamCountry "HUN"]

1. e4 c6 2. Nc3 d5 3. d4 dxe4 4. Nxe4 Nd7 5. Bc4 e6 6. Nf3 Ngf6 7. Nxf6+ Nxf6 8. 0-0 Be7 9. Bf4 0-0 10. c3 c5 11. dxc5 Bxc5 12. Qxd8 Rxd8 13. Rad1 Nd5 1/2-1/2

[Event "HUN-chT2 Asztalos 1112"]
[Site "Hungary"]
[Date "2012.03.11"]
[Round "7.12"]
[White "Turi, Istvan"]
[Black "Majnay, Peter"]
[Result "1/2-1/2"]
[WhiteElo "1856"]
[BlackElo "1466"]
[PlyCount "89"]
[EventDate "2011.09.25"]
[EventType "team-tourn"]
[EventRounds "11"]
[EventCountry "HUN"]
[SourceTitle "EXT 2013"]
[Source "ChessBase"]
[SourceDate "2012.11.22"]
[SourceVersion "1"]
[SourceVersionDate "2012.11.22"]
[SourceQuality "1"]
[WhiteTeam "Baja"]
[BlackTeam "Decs II"]
[WhiteTeamCountry "HUN"]
[BlackTeamCountry "HUN"]

1. e4 e5 2. Nf3 Nc6 3. Bb5 a6 4. Ba4 Nf6 5. 0-0 Be7 6. Re1 b5 7. Bb3 0-0 8. c3 d6 9. h3 Nb8 10. d4 Nbd7 11. Nbd2 Bb7 12. Bc2 Re8 13. Nf1 Bf8 14. Ng3 g6 15. Bg5 h6 16. Bd2 c5 17. d5 Qc7 18. Nh2 h5 19. h4 c4 20. Bg5 Bg7 21. Qd2 Kh7 22. Re2 Nc5 23. Rae1 a5 24. f4 exf4 25. Bxf4 Nfd7 26. Nf3 Ne5 27. Bxe5 Bxe5 28. Nxe5 Rxe5 29. Qf4 Rae8 30. Re3 Qe7 31. Kf2 Nd7 32. Nf1 Nf6 33. Rf3 Ng4+ 34. Kg1 Kg7 35. Ne3 Bc8 36. g3 f6 37. Nxg4 Bxg4 38. Rfe3 g5 39. Qf1 gxh4 40. gxh4 f5 41. Qf4 Qxh4 42. exf5 Qxe1+ 43. Rxe1 Rxe1+ 44. Kf2 R1e2+ 45. Kg1 1/2-1/2

[Event "HUN-chT U18"]
[Site "Miskolc"]
[Date "2010.11.05"]
[Round "6.17"]
[White "Majnay, Peter"]
[Black "Petras, Tamas"]
[Result "1/2-1/2"]
[WhiteElo "1480"]
[BlackElo "1696"]
[PlyCount "57"]
[EventDate "2010.11.02"]
[EventType "team-swiss"]
[EventRounds "8"]
[EventCountry "HUN"]
[SourceTitle "EXT 2016"]
[Source "ChessBase"]
[SourceDate "2015.10.08"]
[SourceVersion "1"]
[SourceVersionDate "2015.10.08"]
[SourceQuality "1"]

1. e4 c6 2. d4 d5 3. exd5 cxd5 4. Bd3 Nf6 5. c3 Nc6 6. Bf4 e6 7. Nf3 Qb6 8. Qc2 Be7 9. Nbd2 Bd7 10. 0-0 Rc8 11. a3 0-0 12. Ne5 Rfd8 13. Ndf3 h6 14. Rfe1 Na5 15. Rad1 Bb5 16. Bxb5 Qxb5 17. a4 Qb6 18. Nxf7 Kxf7 19. Ne5+ Kg8 20. Qg6 Bf8 21. Bxh6 Rc7 22. Re3 Nc4 23. Nxc4 dxc4 24. Rde1 Rc6 25. Rg3 Rd7 26. Qxf6 e5 27. Qf5 Rf7 28. Qc2 Rxh6 29. Rxe5 1/2-1/2

[Event "HUN-chT U18"]
[Site "Miskolc"]
[Date "2009.10.29"]
[Round "7.16"]
[White "Laszlo, Debora"]
[Black "Majnay, Peter"]
[Result "1/2-1/2"]
[WhiteElo "1542"]
[BlackElo "1511"]
[PlyCount "38"]
[EventDate "2009.10.26"]
[EventType "team-swiss"]
[EventRounds "8"]
[EventCountry "HUN"]
[SourceTitle "EXT 2016"]
[Source "ChessBase"]
[SourceDate "2015.10.08"]
[SourceVersion "1"]
[SourceVersionDate "2015.10.08"]
[SourceQuality "1"]

1. e4 e5 2. Nc3 Nf6 3. f4 d5 4. fxe5 Nxe4 5. Qf3 Nxc3 6. bxc3 Be7 7. d4 0-0 8. Qd1 Re8 9. Be2 f6 10. Nf3 c5 11. 0-0 c4 12. Bf4 Nc6 13. Bg3 fxe5 14. Nxe5 Nxe5 15. Bxe5 Bd6 16. Bxd6 Qxd6 17. Bg4 Rf8 18. Rxf8+ Qxf8 19. Bxc8 Rxc8 1/2-1/2

[Event "HUN-ch U12"]
[Site "Balatonlelle"]
[Date "2009.07.03"]
[Round "7"]
[White "Majnay, Peter"]
[Black "Farkas, Laszlo"]
[Result "1-0"]
[WhiteElo "1531"]
[BlackElo "2013"]
[PlyCount "101"]
[EventDate "2009.06.27"]
[EventType "swiss"]
[EventRounds "9"]
[EventCountry "HUN"]
[SourceTitle "EXT 2011"]
[Source "ChessBase"]
[SourceDate "2010.11.26"]
[SourceVersion "1"]
[SourceVersionDate "2010.11.26"]
[SourceQuality "1"]

1. e4 c5 2. c3 d5 3. exd5 Qxd5 4. d4 e6 5. Nf3 Nf6 6. Na3 Bd6 7. Nb5 Bd7 8. dxc5 Qxc5 9. Nxd6+ Ke7 10. Nc4 b5 11. Be3 Qc6 12. Na3 Qb7 13. Bc5+ Kd8 14. Bxb5 Kc8 15. Bxd7+ Nbxd7 16. Bd4 Rd8 17. Bxf6 Nxf6 18. Qc2 Rb8 19. b3 Qc7 20. 0-0 Rb6 21. Rad1 Rbd6 22. Rxd6 Rxd6 23. Rd1 Rxd1+ 24. Qxd1 Qxc3 25. Qc2 Qxc2 26. Nxc2 Kb7 27. Kf1 Kb6 28. Ne5 Nd5 29. Nxf7 h6 30. Ne5 Nc3 31. a3 Kc5 32. Ke1 Kd5 33. Nd3 Ke4 34. Nc5+ Kd5 35. Kd2 Nb1+ 36. Kc1 Nc3 37. Na4 Ne2+ 38. Kd2 Nf4 39. g3 Ng6 40. Ke3 Ne5 41. Nb4+ Kd6 42. h3 a5 43. f4 Nf7 44. Nd3 Nd8 45. b4 axb4 46. axb4 Kd5 47. g4 Kc4 48. h4 Kb5 49. Nac5 g6 50. Ke4 Kc4 51. Ke5 1-0